| 000 | 00927 a2200217 4500 | ||
|---|---|---|---|
| 001 | 21497 | ||
| 005 | 20260407155505.0 | ||
| 008 | 260407a2005 arg spa d | ||
| 003 | AR-UNSa-BCEJYS | ||
| 040 |
_aAR-UNSa-BCEJYS _bspa _cAR-UNSa-BCEJYS |
||
| 080 |
_a35 _xAdministración Pública |
||
| 245 | 1 | 0 | _aPrincipios de la administración pública |
| 020 | _a978-950-569-235-4 | ||
| 264 | 1 |
_aBuenos Aires : _bAbaco _c2005 |
|
| 300 |
_a309 p. _c23 cm. |
||
| 505 | _a1. Estado y administración pública - 2. Teorías tradicionales y nuevos enfoques de la organización administrativa - 3. Personas jurídicas públicas y órganos administrativos - 4. Los principios de la organización administrativa - 5. La organización pública nacional - 6. La organización pública nacional - 7. El presupuesto público | ||
| 041 | _aspa | ||
| 942 | _cBK | ||
| 590 | _aniveau_biblio:m niveau_hierar:0 | ||
| 100 | 1 | _aIvanega, Miriam Mabel | |
| 999 |
_c805 _d805 |
||